01727nam a2200313 a 450000100100000000500170001000800410002702000180006804000250008608200180011110000500012924500760017926000420025530000360029750000640033359000270039761000880042465000580051265000540057065000580062465000460068291000370072895201310076595201310089695201310102795201160115895201220127499900170139600002247920260527074041.0100811s2006 dr ac 000 0dspa d z9789945854961 aDO-SdBNPbspacBNPHU a324.72bT962u1 aTurull Dubrel, Gustavo Enrique,d1939-94632010aUn ensayo, una experiencia un futuro, una posición /cGustavo Turull. aSanto Domingo :bCuesta-Veliz,c2006. a131 p. :bil., retrs. ;c23 cm. aIncluye datos biográficos del autor en la contracubierta. aInventariado, 2019/MFF24aPARTIDO REVOLUCIONARIO SOCIAL DEMÓCRATA (REPÚBLICA DOMINICANA)xHISTORIA946321 4aCampañas políticaszRepública Dominicana946237 0aPartidos políticoszRepública Dominicana9285 4aCandidatos políticoszRepública Dominicana946322 4aEleccionesxRepública dominicana946238 aValidado. Control de calidad EMS 001054708DSaGRbGRcHDd2010-10-12iLF1l0o324.72 T962up22479-30r2020-06-25te. 3w2020-06-25yLFDSZPréstamo en sala 001054708DSaGRbGRcHDd2010-10-12iLF1l0o324.72 T962up22479-40r2020-06-25te. 4w2020-06-25yLFDSZPréstamo en sala 001054708DSaGRbGRcHDd2010-10-12iLF1l0o324.72 T962up22479-50r2020-06-25te. 5w2020-06-25yLFDSZPréstamo en sala 0010718PDaPDbPDcHDd2010-10-12iLF1l0o324.72 T962up22479-10r2020-06-25w2020-06-25yLFPDZNo se presta 0010718PDaPDbPDcHDd2010-10-12iLF1l0o324.72 T962up22479-20r2020-06-25te. 2w2020-06-25yLFPDZNo se presta c21977d21977